Veinte poemas para ser leídos en el tranvía /
Guardado en:
| Autor Principal: | |
|---|---|
| Otros Autores: | |
| Formato: | Libro |
| Publicado: |
Buenos Aires :
Losada,
1994
|
| Edición: | 2a. ed. |
| Series: | Biblioteca Clásica y Contemporánea
|
| Materias: | |
| Etiquetas: |
Agregar Etiqueta
Sin Etiquetas, Sea el primero en etiquetar este registro!
|
| LEADER | 00771nam a22002535a 4500 | ||
|---|---|---|---|
| 001 | CEM.cems009277 | ||
| 005 | 20070612144414.0 | ||
| 008 | 130507s1994##################000#0#####d | ||
| 003 | CEMS | ||
| 020 | |a 9500304422 | ||
| 082 | 0 | 4 | |a A861.4 |
| 100 | 1 | |a Girondo, Oliverio | |
| 245 | 1 | 0 | |a Veinte poemas para ser leídos en el tranvía / |c Oliverio Girondo ; prólogo de Enrique Molina |
| 250 | |a 2a. ed. | ||
| 260 | |a Buenos Aires : |b Losada, |c 1994 | ||
| 300 | |a 104 p. | ||
| 490 | 0 | |a Biblioteca Clásica y Contemporánea | |
| 505 | 0 | |a Calcomanías | |
| 653 | |a Literatura | ||
| 653 | |a Literatura argentina-siglo xx | ||
| 653 | |a Poesías | ||
| 653 | |a Poesía argentina | ||
| 700 | 1 | |a Molina, Enrique, pról. | |
| 859 | |a CEMS |b BIB. CEMS - 11 de abril |h A861.4 |i G444 |p 18848.96 |t Ej.1 | ||
